Ateneo Obrero : Sección de Estudios Varios : reglamento interior Sección de Estudios Varios :
Descripción Física:
8 p. ; 21 cm
MARC
| LEADER | 00000nam a2200000Ia 4500 | ||
|---|---|---|---|
| 001 | 23131 | ||
| 003 | BGR | ||
| 005 | 20260410113647.0 | ||
| 008 | 160829s1907 xx 000 0 cat d | ||
| 080 | |a RF-16-44 | ||
| 245 | |a Ateneo Obrero : |b Sección de Estudios Varios : |b reglamento interior | ||
| 260 | |a Mataró : |b Imprenta de Pedro Vilá, |c 1907 | ||
| 300 | |a 8 p. ; |c 21 cm | ||
| 590 | |a Prové de 2290, exp. 5 | ||
| 650 | |a Ateneo Obrero de Mataró |x Reglaments i procediment |9 47746 | ||
| 710 | 2 | |a Ateneo Obrero de Mataró |9 70552 | |
| 856 | 4 | |u https://media.diba.cat/diba/fitxers/arxiu/fulletons/bib_23131_1907_baixa.pdf |y Accés lliure | |
| 856 | 4 | |u https://media.diba.cat/diba/fitxers/arxiu/fulletons/bib_23131_1907_baixa.pdf |y Accés lliure | |
| 900 | |a bib_23131_1907_baixa.pdf | ||
| 901 | |a Arxiu | ||
| 942 | |n 1 |2 udc |c MON | ||
| 952 | |0 0 |1 0 |4 0 |6 RF1644 |7 1 |9 54072 |a Arxiu |b Arxiu |d 2016-12-01 |l 0 |o RF-16-44 |p 23131 |r 2016-12-01 00:00:00 |w 2016-12-01 |y ARXIU | ||
| 999 | |c 57940 |d 57940 | ||